Barrila de titella / Roser Ros
Descripción Física:
61 p. ; 22 cm
Colección:
Temes d'infància ; 16
Materias:
Titelles
MARC
| LEADER | 00000nam a2200000Ia 4500 | ||
|---|---|---|---|
| 001 | 9873 | ||
| 008 | 160829s1991 xx 000 0 cat d | ||
| 080 | |a E-1-193 | ||
| 100 | |a Ros, Roser |9 29170 | ||
| 245 | |a Barrila de titella / Roser Ros | ||
| 260 | |a Barcelona : |b A.A.P. S.A. Rosa Sensat : |b Diputació de Barcelona, |c 1991 | ||
| 300 | |a 61 p. ; |c 22 cm | ||
| 490 | |a Temes d'infància ; 16 | ||
| 650 | |a Titelles |9 29171 | ||
| 710 | 1 | |a Barcelona (Catalunya : Província). |b Diputació |9 52408 | |
| 710 | 2 | |a Rosa Sensat (Associació) |9 54183 | |
| 901 | |a Arxiu | ||
| 942 | |n 1 | ||
| 952 | |0 0 |1 0 |4 0 |6 E1193 |7 1 |9 45086 |a Arxiu |b Arxiu |d 2016-12-01 |l 0 |o E-1-193 |p 9873 |r 2016-12-01 00:00:00 |w 2016-12-01 |y ARXIU | ||
| 999 | |c 47706 |d 47706 | ||